000 01304cam a22003617a 4500
003 CHAP
005 20220817041115.0
008 971013s1992 r 00010 d
010 _a6533
011 _a7505
035 _a6728
040 _cCHAP
090 _aTesis
100 0 0 _aHinojosa Rodríguez, María Alejandra.
_955528
245 1 3 _aLa participación estatal en el subsector forestal en México
_b: 1910-1991
260 _aChapingo, Méx. :
_bEl autor,
_c1992
300 _a196 h.
_b; mapas ; anexo ; gráfs.
502 _aTesis (Doctor en Ciencias Esp. en Economía Agrícola) -- UACH. Departamento de Economía Agrícola
590 _aALEPH
_b10
_c20130110
_lUCH01
_h1219
590 _aBATCH-UPD
_b10
_c20130110
_lUCH01
_h0900
590 _aBATCH-UPD
_b10
_c20130410
_lUCH01
_h0529
590 _aBATCH-UPD
_b10
_c20130914
_lUCH01
_h0707
590 _aCONVERSION
_b10
_c20130109
_lUCH01
_h1305
650 1 4 _aBosques
_xAspectos económicos
_xMéxico.
_914076
650 1 4 _aBosques
_xLeyes
_zMéxico.
_914332
650 1 4 _aIndustrias forestales
_zMéxico.
_958006
650 1 4 _aPolítica forestal.
_990563
650 1 4 _aTratado Trilateral de Libre Comercio.
901 _aBK
942 _cFOLL
949 _bBC
_cTES
_d-16338
_eTS1
_h25203
_i6728
_si
949 _bBC
_cTES
_d-63387
_eTS2
_fc.2
_h27235
_i6728
_si
999 _c6533
_d6533